00621nam a2200229Ia 450000500170000000800460001702000180006303700100008104000080009104000080009904000080010704100080011504100080012308400080013110000200013924501200015926000220027926000220030126000090032365000110033285600480034320260121125453.0008 260114s9999 xx 000 0 eng d a9783110582086 aEBOOK aCRL beng cCRL 2eng aeng qCRL aArnzen, Rudiger 0aAristotles Physics VIII, Translated into Arabic by Ishaq ibn Hunayn (9th c.): Introduction, Edition, and Glossaries bWalter de Gruyter bWalter de Gruyter c2021 aArabic uhttp://www.degruyter.com/isbn/9783110582086